000 01073nam a2200277 i 4500
001 186123
003 SpMaBN
005 20250722063156.0
008 160909s1995 sp |||| |dspa d
020 _a84-249-1685-9
080 _a502(02)"00"
100 1 _aPlinio Segundo, Cayo
_992659
245 1 0 _aHistoria natural.
_nLibros I-II /
_cPlinio el Viejo ; introducción general, Guy Serbat ; traducción y notas de Antonio Fontán, Ana Mª Moure Casas y otros.
260 _aMadrid :
_bGredos,
_c1995.
300 _a1 v. (484 p.) ;
_c20 cm.
490 1 _aBiblioteca clásica Gredos ;
_v206
504 _aBibliografía: p. [201]-206.
505 8 _aContiene: [1] ;
_tHistoria narural: Libro I, Libro II
650 7 _aCiencias naturales-
_vObras anteriores a 1800.
_9149050
700 1 _aSerbat, Guy.
_9160789
700 1 _aFontán, Antonio.
_951585
700 1 _aMoure Casas, Ana.
_983891
830 0 _aBiblioteca clásica Gredos ;
_v206
_9177556
852 _aES-MaACL
_jL-30668
_z- enc. cart.
_z. - Donat. Miguel A. Velasco
999 _c186123
_d186123